000 00378nam a2200145Ia 4500
008 230711s9999||||xx |||||||||||||| ||und||
041 _aENG
082 _a658
_bST-S
100 _aTimoshenko,Stephen
245 0 _aStrength of materials
250 _a3rd . Ed.
260 _c1987
_aNew Delhi
_bCBS Publishers & Distributors Pvt.Ltd
650 _aMechanical Engineering
942 _cBK
999 _c543
_d543